100 DC Heroes - Statistics

General Stats
  • This quiz has been taken 105 times
  • The average score is 41 of 100
Answer Stats
Picture Answer % Correct
Aquaman
97%
Batman
94%
Captain Marvel
94%
Batgirl
93%
Green Lantern
93%
Green Arrow
90%
Superman
90%
Hawk
88%
Robin
88%
Beast Boy
87%
Cyborg
87%
The Flash
87%
Wonder Woman
86%
Supergirl
83%
Raven
81%
The Atom
81%
Hawkgirl
80%
Hawkman
77%
Kid Flash
77%
Booster Gold
75%
Martian Manhunter
75%
Starfire
72%
Blue Beetle
71%
Dr. Fate
71%
Plastic Man
71%
Black Canary
70%
John Constantine
70%
Fire
68%
Zatanna
62%
Red Tornado
59%
Captain Atom
57%
Firestorm
57%
Swamp Thing
57%
Mr. Terrific
54%
Huntress
52%
Artemis
51%
Power Girl
49%
Wonder Girl
49%
The Question
45%
Detective Chimp
43%
Uncle Sam
43%
Deadman
42%
Metamorpho
42%
Miss Martian
42%
Bumblebee
41%
Stargirl
41%
Jonah Hex
38%
Atom Smasher
36%
Static
35%
Steel
35%
Vixen
35%
Dove
33%
Elongated Man
33%
Etrigan the Demon
33%
The Spectre
33%
Wonder Twins
30%
Adam Strange
28%
Mr. Miracle
26%
Orion
26%
Wildcat
25%
Big Barda
22%
Hourman
22%
Sandman
22%
Ambush Bug
20%
Dr. Light
20%
The Creeper
20%
Brainiac 5
19%
Dr. Mid-Nite
19%
Phantom Stranger
19%
B'wana Beast
17%
Citizen Steel
14%
Matter-Eater Lad
14%
Shining Knight
14%
Vibe
14%
Vigilante
14%
Apache Chief
13%
Saturn Girl
13%
Arm Fall-Off Boy
12%
Gypsy
12%
Negative Man
12%
Obsidian
12%
Crimson Avenger
10%
Crimson Fox
10%
Black Vulcan
9%
Bloodwynd
9%
Madame Xanadu
9%
Stripe
9%
Thunderbolt
9%
Dawnstar
7%
Dream Girl
7%
El Dorado
7%
Black Condor
6%
Nemesis
6%
Super-Chief
6%
Waverider
6%
Dr. Occult
4%
Spy Smasher
4%
Triumph
4%
Dark Ranger
3%
Sargon the Sorcerer
3%
No matching quizzes found
Score Distribution
Percent of People with Each Score
Percentile by Number Answered
Your Score History
You have not taken this quiz